LIBRARY & INFORMATION CENTRE, KCAET, TAVANUR

ONLINE PUBLIC ACCESS CATALOGUE (OPAC)

Basic electrical engineering / (Record no. 12904)

MARC details
000 -LEADER
fixed length control field 00480cam a2200181ua 4500
003 - CONTROL NUMBER IDENTIFIER
control field OSt
008 - FIXED-LENGTH DATA ELEMENTS--GENERAL INFORMATION
fixed length control field 250106b |||||||| |||| 00| 0 eng d
020 ## - INTERNATIONAL STANDARD BOOK NUMBER
ISBN 0-07-043589-8
020 ## - INTERNATIONAL STANDARD BOOK NUMBER
ISBN 9780070146112
082 ## - DEWEY DECIMAL CLASSIFICATION NUMBER
Classification number 621.3
Item number KOT/BA
100 ## - MAIN ENTRY--AUTHOR NAME
Personal name Kothari , D.P .
245 ## - TITLE STATEMENT
Title Basic electrical engineering /
250 ## - EDITION STATEMENT
Edition statement 2 /
260 ## - PUBLICATION, DISTRIBUTION, ETC. (IMPRINT)
Place of publication NewDelhi :
Name of publisher McGraw Hill Publishing Company Limited ,
Year of publication 2006.
300 ## - PHYSICAL DESCRIPTION
Number of Pages 667 ; .
700 1# - ADDED ENTRY--PERSONAL NAME
Personal name Nagrath, I.J .
942 ## - ADDED ENTRY ELEMENTS (KOHA)
Koha item type Books
Holdings
Withdrawn status Lost status Damaged status Home library Current library Date acquired Full call number Accession Number Koha item type Collection code Shelving location Source of acquisition Cost, normal purchase price
      KAUAET KAUAET 07/04/2012 621.3 KOT/BA 21186 Books        
      KAUAET KAUAET 31/03/2012 621.3 KOT/BA 22590 Books Non-fiction General Stacks Universal Research Books, Thrissur 350.00
free website counter